Presupuesto ordinario y los especiales de urbanismo, transportes urbanos y aguas / (Record no. 27112)
[ view plain ]
| 000 -LEADER | |
|---|---|
| campo de control de longitud fija | 00596nam a2200181 i 4500 |
| 001 - NÚMERO DE CONTROL | |
| campo de control | 27112 |
| 003 - IDENTIFICADOR DE NÚMERO DE CONTROL | |
| campo de control | ES-MaACL |
| 005 - FECHA Y HORA DE LA ÚLTIMA TRANSACCIÓN | |
| campo de control | 20230906153548.0 |
| 007 - CAMPO FIJO DE DESCRIPCIÓN FÍSICA--INFORMACIÓN GENERAL | |
| campo de control de longitud fija | t| |
| 008 - DATOS DE LONGITUD FIJA--INFORMACIÓN GENERAL | |
| campo de control de longitud fija | 030113s1971 sp ||||1| spa d |
| 080 ## - NÚMERO DE LA CLASIFICACIÓN DECIMAL UNIVERSAL | |
| Número de la Clasificación Decimal Universal | 336.12:352(460.353) |
| 110 1# - ENTRADA PRINCIPAL--NOMBRE DE ENTIDAD CORPORATIVA | |
| Nombre de entidad corporativa o nombre de jurisdicción como elemento de entrada | Sevilla. |
| Unidad subordinada | Ayuntamiento. |
| 9 (RLIN) | 1391 |
| 245 10 - MENCIÓN DEL TÍTULO | |
| Título | Presupuesto ordinario y los especiales de urbanismo, transportes urbanos y aguas / |
| Mención de responsabilidad, etc. | Ayuntamiento de Sevilla. |
| 260 ## - PUBLICACIÓN, DISTRIBUCIÓN, ETC. | |
| Lugar de publicación, distribución, etc. | Sevilla : |
| Nombre del editor, distribuidor, etc. | [Ayuntamento de Sevilla, |
| Fecha de publicación, distribución, etc. | 1971] ( |
| Fabricante | Imp. Municipal) |
| 300 ## - DESCRIPCIÓN FÍSICA | |
| Extensión | 220 p. ; |
| Dimensiones | 28 cm. |
| 650 #4 - PUNTO DE ACCESO ADICIONAL DE MATERIA--TÉRMINO DE MATERIA | |
| Término de materia o nombre geográfico como elemento de entrada | Presupuestos- |
| Subdivisión geográfica | Sevilla. |
| 9 (RLIN) | 174534 |
| 852 4# - LOCALIZACIÓN | |
| Ubicación | ES-MaACL |
| Número de control de estantería | C-41441 |
| Estatus retirado | Estado de pérdida | Estado de daño | No para préstamo | Biblioteca de origen | Biblioteca actual | Ubicación en estantería | Fecha de adquisición | Fuente de adquisición | Total de préstamos | Signatura topográfica completa | Código de barras | Visto por última vez | Precio de reemplazo | Tipo de ítem Koha |
|---|---|---|---|---|---|---|---|---|---|---|---|---|---|---|
| Biblioteca del Ateneo de Madrid | Biblioteca del Ateneo de Madrid | Depósito 2 | 17/01/2008 | C-41441 | 1027983 | 23/02/2023 | 23/02/2023 | Libro impreso |
